| 000 | 00721nam a22002177a 4500 | ||
|---|---|---|---|
| 001 | 63821 | ||
| 003 | UA-OsUOA | ||
| 005 | 20211020212526.0 | ||
| 007 | ta | ||
| 008 | 20091021b un ||||| |||| 00| 0 ukr d | ||
| 040 |
_aUA-OsUOA _brus _cUA-OsUOA _dUA-OsUOA |
||
| 041 | _arus | ||
| 080 | _a94(470+571) | ||
| 090 |
_a94(470+571) _bГ72 |
||
| 245 |
_aГосударственные учереждения и общественные организации СССР. Проблемы и факты. _bмежвузовский сборник научних трудов _cЕрошкин Н. П. |
||
| 260 |
_aМ. _bМГИАИ _c1989 |
||
| 300 | _a160 с. | ||
| 650 | 7 |
_a94 Історія _2UDC |
|
| 942 |
_cBK _2udc |
||
| 955 | _a2 | ||
| 999 |
_c349892 _d349892 |
||